Kế toán và thuế trong doanh nghiệp có vốn đầu tư nước ngoài

Đã lưu trong:
書目詳細資料
主要作者: Phan, Đức Dũng
格式: 圖書
語言:Undetermined
出版: Thành phố Hồ Chí Minh Đại học Quốc gia 2006
主題:
標簽: 添加標簽
沒有標簽, 成為第一個標記此記錄!
Thư viện lưu trữ: Trung tâm Học liệu Trường Đại học Cần Thơ
LEADER 00604nam a2200193Ia 4500
001 CTU_112900
008 210402s9999 xx 000 0 und d
020 |c 25000 
082 |a 657.46 
082 |b D513 
100 |a Phan, Đức Dũng 
245 0 |a Kế toán và thuế trong doanh nghiệp có vốn đầu tư nước ngoài 
245 0 |c Phan Đức Dũng 
260 |a Thành phố Hồ Chí Minh 
260 |b Đại học Quốc gia 
260 |c 2006 
650 |a Tax accounting 
904 |i Minh 
980 |a Trung tâm Học liệu Trường Đại học Cần Thơ